01876nam a2200169 a 450000100100000000500170001000800410002702000150006804000250008308200190010824501700012726000400029730000340033750000400037150001890041150511060060000004490420201002045723.0150119s1997 dr ab 000 0 spa d a8482610074 aDO-SdBNPbspacBNPHU axxxxxxbxxxxxx00aHistoria y geografía de América Latina y del Caribe :bcurso 2do primer ciclo. /cRoberto Cassá...[et al.] ; dirección editorial Obdulia García de Escobar. aSanto Domingo :bSantillana,c1997. a223 p. :bil., map. ;c27 cm. aLibro de texto de educación media aEste libro ha sido realizado de conformidad con el currículum vigente y ha sido sometido a la aprobación de la SEEBAC (Secretaría de Estado de Educación Bellas Artes y Cultos).0 gunidad 1 --tLos rasgos generales del medio físico y natural --gunidad 2 --tLas planicies centrales --gunidad 3 --tGeografía del Caribe insular y continental --gunidad 4 --tPoblamiento aborigen y civilizaciones de América --gunidad 5 --tLa formación de las sociedades del Caribe --gunidad 6 --tLa sociedad colonial latinoamericana --gunidad 7 --tLa decadencia del colonialismo en el Caribe --gunidad 8 --tLa lucha por la independencia --gunidad 9 --tInicios de la vida independiente --gunidad 10 --tAmérica Latina en el siglo XX --gunidad 11 --tAmérica Latina a principios del S. XX --gunidad 12 --tLas Antillas durante el siglo XX --gunidad 13 --tLa nueva sociedad latinoamericana --gunidad 14 --tLa integración de América Latina --gunidad 15 --tEl umbral del siglo XXI --gunidad 16 --tEl transporte, la comunicación y el comercio --gunidad 17 --tEl sector primario en América Latina --gunidad 18 --tIndustria y energía en América Latina --gunidad 19 --tAmérica Latina: población y ciudades --gunidad 20 --tLa América anglosajona --